000 00753nam a2200181 a 4500
001 BRCA_1293
005 20190320203349.0
008 230508s2003----sp-a---###---#000-0#spa-#
050 4 _aN3490
_b.M97 2003
245 1 0 _aMuseo Nacional de Escultura
_bel encanto medieval.
260 _aValladolid
_bDiputación de Valladolid : Ministerio de Educación Cultura y Deporte : Museo Nacional de Escultura
_c2003
300 _a52 p.
_bil. a color
_c28 cm.
500 _aCatálogo de la exposición realizada en el Palacio de Pimentel (Valladolid), 14 julio - 14 septiembre, 2003
504 _aBibliografía: p. 55
610 2 4 _aMuseo Nacional de Escultura (Valladolid)
_xColecciones de arte
_94235
650 1 4 _aEscultura medieval
_zEspaña
_94236
942 _2lcc
_cB
999 _c1160
_d1160